| 000 | 00728nam a2200193 a 4500 | ||
|---|---|---|---|
| 001 | 20428 | ||
| 003 | CO-ViMGA | ||
| 005 | 20230915231512.0 | ||
| 008 | 141112s2004 ck r 000 u spa d | ||
| 040 |
_aCO-ViMGA _bspa _cCO-ViMGA |
||
| 082 | 0 | 4 | _aKIPr |
| 100 | 1 |
_aKipling, Rudyard _97638 |
|
| 245 | 1 | 0 |
_aCajon de cuentos / _cRudyard Kipling |
| 260 |
_aBogotá : _bPanAméricana; 1996995 |
||
| 300 | _a168p | ||
| 505 | _aCómo a la ballena le salieron sus barbas 21 - - Cómo al dromedario Le salió su joroba 37 - - Cómo al rinoceronte se le arrugó la piel 55 - - Cómo el leopardo obtuvo sus manchas 69 - - El bebe elefante 99 - - El origen de los armadillos 133 | ||
| 650 | 1 | 4 |
_aCUENTOS INFANTILES _9487 |
| 942 |
_2ddc _cBK |
||
| 999 |
_c29423 _d29423 |
||